[Event "Alvise Zichichi mem 7th"]
[Site "Ladispoli"]
[Date "2009.09.19"]
[Round "2"]
[White "Palermo, Stefano"]
[Black "Vertechi, Pietro"]
[Result "1-0"]
[WhiteElo "2060"]
[BlackElo "1959"]
[PlyCount "95"]
[EventDate "2009.09.19"]
[EventType "swiss"]
[EventRounds "8"]
[EventCountry "ITA"]
[SourceTitle "EXT 2012"]
[Source "ChessBase"]
[SourceDate "2011.11.24"]
[SourceVersion "1"]
[SourceVersionDate "2011.11.24"]
[SourceQuality "1"]

1. e4 e6 2. d4 d5 3. Nc3 Bb4 4. e5 c5 5. a3 Bxc3+ 6. bxc3 Ne7 7. Qg4 0-0 8. Bd3 Nbc6 9. Qh5 Ng6 10. Nf3 Qc7 11. 0-0 Nce7 12. Ng5 h6 13. Nh3 c4 14. Be2 Bd7 15. g4 f5 16. g5 Be8 17. gxh6 Nf4 18. Qf3 Nxh3+ 19. Qxh3 g6 20. Bg5 Kh7 21. Qe3 Ng8 22. h4 Qf7 23. Qf4 Ba4 24. Rac1 Rfc8 25. Kh2 Be8 26. Rg1 Qf8 27. h5 gxh5 28. Bf6 Rc7 29. Bg7 Qxa3 30. Rg3 Qe7 31. Rcg1 a5 32. Bf6 Nxf6 33. Rg7+ Qxg7 34. Rxg7+ Rxg7 35. hxg7 Ng4+ 36. Bxg4 hxg4 37. g8Q+ Kxg8 38. Qg5+ Kf8 39. Qh6+ Ke7 40. Qg7+ Bf7 41. Qf6+ Kf8 42. Kg3 Ra6 43. Qd8+ Be8 44. Qc8 Rc6 45. Qxb7 a4 46. Qb4+ Kg7 47. Qxa4 Rc7 48. Qxe8 1-0

[Event "Rome Elo op 3rd"]
[Site "Rome"]
[Date "2009.03.11"]
[Round "1"]
[White "Vertechi, Pietro"]
[Black "Capitani, Roberto"]
[Result "1-0"]
[WhiteElo "1882"]
[BlackElo "1606"]
[PlyCount "51"]
[EventDate "2009.03.11"]
[EventType "swiss"]
[EventRounds "6"]
[EventCountry "ITA"]
[SourceTitle "EXT 2011"]
[Source "ChessBase"]
[SourceDate "2010.11.26"]
[SourceVersion "1"]
[SourceVersionDate "2010.11.26"]
[SourceQuality "1"]

1. d4 Nf6 2. c4 e6 3. Nc3 Bb4 4. e3 0-0 5. Bd3 d5 6. Nf3 b6 7. 0-0 dxc4 8. Bxc4 Ba6 9. Bxa6 Nxa6 10. Qe2 Nb8 11. e4 Nbd7 12. e5 Ne8 13. Qe4 Qc8 14. Ng5 g6 15. Qh4 h5 16. Nge4 Ng7 17. g4 Qd8 18. Bg5 f6 19. exf6 Nf5 20. gxf5 Kf7 21. fxe6+ Kxe6 22. f7 Qc8 23. Qf4 Bxc3 24. d5+ Kxd5 25. Nxc3+ Kc5 26. Be7+ 1-0

[Event "Rome d'Inverno op"]
[Site "Rome"]
[Date "2009.02.07"]
[Round "3"]
[White "Wollenweber, Carsten"]
[Black "Vertechi, Pietro"]
[Result "1-0"]
[WhiteElo "2155"]
[BlackElo "1882"]
[PlyCount "46"]
[EventDate "2009.02.06"]
[EventType "swiss"]
[EventRounds "5"]
[EventCountry "ITA"]
[SourceTitle "EXT 2011"]
[Source "ChessBase"]
[SourceDate "2010.11.26"]
[SourceVersion "1"]
[SourceVersionDate "2010.11.26"]
[SourceQuality "1"]

1. e4 e6 2. d4 d5 3. Nc3 Bb4 4. Nge2 dxe4 5. a3 Bxc3+ 6. Nxc3 Nc6 7. Bb5 Nge7 8. Be3 0-0 9. Qd2 f5 10. 0-0-0 Nd5 11. Bxc6 bxc6 12. Bg5 Qd6 13. Na4 e5 14. c4 Nf6 15. dxe5 Qxe5 16. Bf4 Qe7 17. Qa5 Be6 18. Bxc7 Rfc8 19. Bd6 Qf7 20. b3 Bxc4 21. bxc4 Qxc4+ 22. Kb1 Qb3+ 23. Ka1 Rab8 1-0

[Event "Rome Elo op 1st"]
[Site "Rome"]
[Date "2008.11.19"]
[Round "6"]
[White "Vertechi, Pietro"]
[Black "Mulas, Icaro"]
[Result "1-0"]
[WhiteElo "1669"]
[BlackElo "1813"]
[PlyCount "99"]
[EventDate "2008.10.15"]
[EventType "swiss"]
[EventRounds "7"]
[EventCountry "ITA"]
[SourceTitle "EXT 2011"]
[Source "ChessBase"]
[SourceDate "2010.11.26"]
[SourceVersion "1"]
[SourceVersionDate "2010.11.26"]
[SourceQuality "1"]

1. d4 Nf6 2. c4 g6 3. Nc3 Bg7 4. e4 d6 5. f3 Nbd7 6. Be3 c6 7. Qd2 a6 8. Bd3 b5 9. Nge2 h5 10. a3 Nb6 11. e5 Ng8 12. exd6 exd6 13. cxb5 axb5 14. 0-0 Nf6 15. Bg5 Qd7 16. Kh1 Bb7 17. Rae1 0-0 18. Bh6 Nbd5 19. Bxg7 Kxg7 20. Nxd5 Nxd5 21. f4 f5 22. Rf3 Rae8 23. Ref1 Re7 24. Nc3 Nf6 25. d5 Nxd5 26. Nxd5 cxd5 27. Qc3+ Kh7 28. Rg3 Qe6 29. Bxb5 Rc8 30. Qd4 Qe4 31. Qf6 Rg8 32. Bd3 Qe6 33. Qd4 Rc8 34. h3 Rc4 35. Bxc4 dxc4 36. Rc3 Qe2 37. Qf2 Qe4 38. Rcc1 Qc6 39. Rc2 Qe4 40. Rfc1 d5 41. Kg1 Ba6 42. Rd2 Qe6 43. Rcd1 Bb7 44. Kf1 Qd6 45. Re1 Rd7 46. Qd4 Ba6 47. Kg1 Bb7 48. Rde2 Rg7 49. Re6 Qc7 50. Qf6 1-0

[Event "Rome Elo op 1st"]
[Site "Rome"]
[Date "2008.11.12"]
[Round "5"]
[White "Medori, Marco"]
[Black "Vertechi, Pietro"]
[Result "1-0"]
[WhiteElo "1929"]
[BlackElo "1669"]
[PlyCount "87"]
[EventDate "2008.10.15"]
[EventType "swiss"]
[EventRounds "7"]
[EventCountry "ITA"]
[SourceTitle "EXT 2011"]
[Source "ChessBase"]
[SourceDate "2010.11.26"]
[SourceVersion "1"]
[SourceVersionDate "2010.11.26"]
[SourceQuality "1"]

1. d4 Nf6 2. Bf4 g6 3. Nc3 Bg7 4. e4 d6 5. h3 a6 6. Nf3 b5 7. e5 dxe5 8. dxe5 Qxd1+ 9. Rxd1 Nfd7 10. Nd5 Ra7 11. e6 fxe6 12. Nxc7+ Rxc7 13. Bxc7 Bxb2 14. Be2 Bc3+ 15. Nd2 Bb7 16. 0-0 Bd5 17. Nb3 Kf7 18. Rd3 Bf6 19. Re1 Rc8 20. Bxb8 Nxb8 21. Bd1 Nd7 22. Bg4 Rc7 23. Rde3 Rxc2 24. Bxe6+ Bxe6 25. Rxe6 Rxa2 26. Nc1 Ra4 27. Nd3 Rd4 28. R6e3 Rd6 29. Nf4 Nb6 30. Re6 Nc4 31. Rxd6 exd6 32. Nd5 Bd8 33. Rb1 Ke6 34. Nb4 Ba5 35. Nxa6 Na3 36. Rb3 Nc4 37. Rxb5 d5 38. Nc5+ Ke5 39. Kf1 Bc3 40. Ke2 Nd6 41. Nd3+ Kd4 42. Rb6 Ne4 43. Rb7 h5 44. Nf4 1-0